000 00816nam a22003017a 4500
001 BR0806877
003 BR-BrBNA
005 20230928102749.0
007 ta
008 230509b bl.||||| |||| 00| 0 por d
040 _aBR-BrBNA
_bpor
_cBiblioteca Nacional de Agricultura
041 _a(Por)
072 _aE71; E16
090 _ E71 BR0806877
100 1 _aSanto, B.R. do E.
100 1 _aSevero, J.R.
245 1 _aA abertura externa e o saldo da balança comercial agrícola
260 3 _aBrasília, DF (Brasil):
_c[nd].
300 _a32 p.
650 _aBALANÇO COMERCIAL
650 _aCRESCIMENTO ECONÔMICO
650 _aMERCADO MUNDIAL
650 _aEXPORTAÇÃO
650 _aIMPORTAÇÃO
650 _aESTATÍSTICA DE PRODUÇÃO
909 _a202309
_bLucia
_c55
_dLucia Elande
942 _cBK
999 _c72366
_d72366